Państwa, których środek znajduje się najbliżej równika - Statystyki

Ogólne statystyki
  • Ten quiz został rozwiązany 9 736 razy
  • Średni wynik to 10 z 20
Statystyki odpowiedzi
Szerokość Państwo % Poprawnych
4.04 S Demokratyczna Republika Konga
87%
0.23 S Kongo
78%
0.79 S Indonezja
77%
1.83 S Ekwador
66%
0.02 S Kenia
66%
1.65 N Gwinea Równikowa
63%
4.57 N Kolumbia
61%
4.21 N Malezja
56%
0.80 S Gabon
52%
1.37 N Uganda
52%
1.94 S Rwanda
47%
1.35 N Singapur
41%
3.37 S Burundi
40%
3.92 N Surinam
36%
4.54 N Brunei
32%
3.20 N Malediwy
31%
3.37 S Kiribati
25%
0.19 N Wyspy Świętego Tomasza i Książeca
25%
4.68 S Seszele
23%
0.52 S Nauru
20%
Nie znaleziono quizów pasujących do podanych kryteriów
Rozkład punktacji
Procent ludzi z każdym wynikiem
Percentyl według liczby udzielonych odpowiedzi
Twoja historia wyników
Nie rozwiązałeś tego quizu